000 00474nmm a2200157Ia 4500
008 251105s9999||||xx |||||||||||||||||und||
020 _a9789562845625
041 _aspa
100 _aFuentes, Denisse
245 0 _aLa dieta de la muerte :
_b Soy anoréxica y esta es mi historia
264 _a[Santiago de Chile, Chile] :
_bRil editores,
_c2007
300 _a222 páginas
650 _aBiography
856 _uhttps://public.digitaliapublishing.com/a/29710
942 _cCF
999 _c94399
_d94399